书目信息 |
| 书名: | the Strategic Management | |
| 作者: | Alan N. Hoffman and Hugh M. O'Neill. | |
| 分册号: | ||
| 分册名: | 出版地: | St. Paul : |
|
| 出版社: | West Pub | |
| 出版时间: | 1993. | |
| 页数: | 764 p. ; | |
| 开本: | 29cm. | |
| 丛书名: | ||
| 中图分类号: | ||
| 科图分类号: | ||
| 其他分类号: | F279.712 | |
| 主题词: | ||
| 电子资源: | ||
| 000 | 00446nam 2200145 a 4500 | |
| 001 | E0258015202 | |
| 005 | 2002030716065499 | |
| 008 | 020307s1993 00010 eng | |
| 020 | @a0-314-01216-8 :@cRMB 12.00. | |
| 040 | @aPFT@beng | |
| 090 | @aF279.712 | |
| 099 | @dF279.712@eH711 | |
| 245 | @athe Strategic Management :@bCasebook and Skill Builder / @cAlan N. Hoffman and Hugh M. O'Neill. | |
| 260 | @aSt. Paul :@bWest Pub,@c1993. | |
| 300 | @a764 p. ;@c29cm. | |
| the Strategic Management : : Casebook and Skill Builder / / Alan N. Hoffman and Hugh M. O'Neill.-St. Paul : : West Pub, , 1993. |
| 764 p. ; ; 29cm. |
| ISBN 0-314-01216-8 :RMB 12.00. |
| ● |
| 相关链接 |
|
|
|
正题名:the Strategic Management
索取号:F279.712/H711
 
预约/预借
| 序号 | 登录号 | 条形码 | 馆藏地/架位号 | 状态 | 备注 |
| 1 | 01741 | 300017416 | 社科库409/400A自科库 15排1列2层/ [索取号:F279.712/H711] | 在馆 | |
| 2 | 01985 | 300019851 | 社科库409/400A自科库 15排1列2层/ [索取号:F279.712/H711] | 在馆 |